000 01088nam a2200373 a 4500
001 22739
003 SK-KTurca
005 20260422123931.0
008 100914s2009 xo c 000 j slo d
020 _a9788080881856 (viaz.)
035 _aSE116316
035 _a(VRT)vtls009988926
040 _aZKSE
_bslo
_cUKB
_eAACR2
041 1 _aslo
_heng
044 _axo
_cSK
072 7 _a821.111
_xAnglická literatúra, anglicky písaná
_2konspekt
072 7 _a821-93
_xLiteratúra pre deti a mládež
_2konspekt
080 _a821.111-32
_22004
080 _a821-93
_22004
080 _a(0:82-32)
_22004
100 1 _aJefferies, Cindy
_4aut
245 1 0 _aSuper škola
_n[10]
_pSúboj kapiel
_cCindy Jefferiesová ; [preklad Dana Dobiášová]
246 3 0 _aSúboj kapiel
250 _a1. vyd.
260 _aBratislava
_bMatys
_c2009
300 _a119 s.
653 _a821.111-32
653 _a821-93
653 _a(0:82-32)
655 7 _aanglické príbehy
_2UKBPH
655 7 _apublikácie pre mládež
_2UKBPH
700 1 _aDobiášová, Dana
_4trl
942 _2ddc
_cKLDE
_n0
999 _c22739
_d22739